Administración del departamento de planta interna DOT-ICE
में बचाया:
| मुख्य लेखक: | |
|---|---|
| अन्य लेखक: | , |
| स्वरूप: | पुस्तक |
| प्रकाशित: |
[San José , Costa Rica]
1985
|
| टैग: |
टैग जोड़ें
कोई टैग नहीं, इस रिकॉर्ड को टैग करने वाले पहले व्यक्ति बनें!
|
MARC
| LEADER | 00000nam a2200000Ia 4500 | ||
|---|---|---|---|
| 003 | 002819 | ||
| 005 | 20221231144403.0 | ||
| 008 | 140114s1985 cr a m 000 ||s d | ||
| 040 | |c cru CEDI | ||
| 090 | |a TFG 1662 | ||
| 100 | |a Gutiérrez C, Benigno |9 14152 | ||
| 245 | |a Administración del departamento de planta interna DOT-ICE | ||
| 260 | |c 1985 |a [San José , Costa Rica] | ||
| 300 | |a vi,118 hojas :ilustraciones | ||
| 500 | |a Proyecto de graduación (bachiller en ingeniería industrial)--Universidad de Costa Rica. Facultad de Ingeniería. Escuela de Ingeniería Industrial | ||
| 700 | |9 11795 |a Cedeño M., Carlos | ||
| 700 | |9 11747 |a Cavallini S, Viveca | ||
| 942 | |c TFG | ||
| 999 | |c 21117 |d 21117 | ||
